|
|
|
|
| LEADER |
00000naa a2200000uu 4500 |
| 001 |
vtls011061209 |
| 003 |
SK-MaSNL |
| 005 |
20260302111922.0 |
| 008 |
210906|2010 xo |||||||||||||||||eng| |
| 015 |
|
|
|a SNBRA
|
| 035 |
|
|
|a (urnnbn)urn:nbn:sk:snk:ar-a0c2su
|
| 035 |
|
|
|a (uuid)538c312c-5d2a-4996-988e-115e49810232
|
| 035 |
|
|
|a urn:nbn:sk:snk-aav9bj
|
| 040 |
|
|
|a SNKBUCL
|b slo
|c SNKBUCL
|e AACR2
|
| 041 |
0 |
|
|a eng
|
| 044 |
|
|
|a xo
|c SK
|
| 100 |
1 |
|
|a Zezulova, Eva
|4 aut
|9 790141
|
| 245 |
1 |
0 |
|a THE BASE PERIMETR
|c Eva ZEZULOVA, Jiri STOLLER
|
| 700 |
1 |
|
|a Stoller, Jiri
|4 aut
|9 790142
|
| 773 |
0 |
|
|t ICMT'10 - International Conference on Military Technologies 2010
|d Trenčín : Faculty of Special Technologies, Alexander Dubček University of Trenčín, 2010
|g S. 458-468
|z 9788080754532
|
| 958 |
|
|
|a OND
|
| 958 |
|
|
|a article12
|
| 958 |
|
|
|a chapter
|
| 999 |
|
|
|c 1249430
|d 1251360
|